000 002640000a22001330004500
005 20120302060633.0
942 _cBOOK
100 _a Moropant
245 _a Mahabharat
300 _a222p.
040 _aMAR
650 _aMahabharat
650 _aAaryaa-mahabharat
999 _c351741
_d351738